000 004370000a22001690004500
003 MACL
005 20151229133811.0
008 151229b xxu||||| |||| 00| 0 eng d
040 _aMACL
_cMACL
041 _aEnglish
082 _a181.48/MAH
100 _aMahadevan, T M P
_923886
245 _aGaudapada
_bA Study in Early Advaita
260 _bUniversity of Madras
_c1954
650 _aPhilosophy
_923887
942 _cBK
_k181.48/MAH
_2ddc
999 _c38867
_d38867